Memoria del fuego

-д хадгалсан:
Номзүйн дэлгэрэнгүй
Үндсэн зохиолч: Galeano, Eduardo (Зохиогч)
Формат: Ном
Хэл сонгох:испани
Хэвлэсэн: Madrid Siglo Veintiuno 1991
Хэвлэл:19a. ed
Нөхцлүүд:
Шошгууд: Шошго нэмэх
Шошго байхгүй, Энэхүү баримтыг шошголох эхний хүн болох!

MARC

LEADER 00000nam a2200000 a 4500
001 UCW8031
003 CL-VaPUC
008 880331e19910000SP |||||||||||||||||spa|d
082 0 4 |a H860  |b GAL  |2 21 
100 |a Galeano, Eduardo  |e author  |9 599485 
245 1 0 |a Memoria del fuego 
250 |a 19a. ed 
300 |a 3 v 
942 |c BK 
945 |d 19880331 00:00:00 
260 |a Madrid  |b Siglo Veintiuno  |c 1991 
500 |a v.1: Los nacimientos 
500 |a v.2: Las caras y las máscaras 
500 |a v.3: El siglo del viento 
650 0 |a Literatura hispanoamericana  |9 269097 
650 0 |a Historia  |9 255047 
651 0 |a América Latina   |9 255027 
651 0 |a América  |9 255182 
583 |a last modification  |c 19880331 00:00:00  |k Rodrigo Vera 
999 |c 220542  |d 220540 
952 |0 0  |1 0  |4 0  |6 H_860_000000000000000_GAL_1991  |7 0  |8 A  |9 212902  |a BIBEDU  |b BIBEDU  |d 2019-11-15  |h v.1  |i 2812045  |l 1  |o H860 GAL 1991  |p 2812045  |r 2024-10-08  |s 2024-10-01  |w 2019-11-15  |y BK  |k LIT